000 00762nam a2200205Ii 4500
003 JO-AjNU
008 230605s9999||||xx |||||||||||||| ||und||
017 _a2004/6/15212
040 _aJO-AjNU
_bara
_erda
_cJO-AjNU
041 _aara
050 1 4 _aQA224.3.J35 2004
100 3 _aعابد، عبد القاد ؛ م. مشارك بديع العايد ,
_eauthor
_912018
245 0 0 _aدور التراث العلمي العربي الاسلامي في المنجزات العلمية الغربية
264 3 1 _aعمان:المؤلف، 2004
300 _a296ص
336 _atext
_btxt
_2rdacontent
337 _aunmediated
_bn
_2rdamedia
338 _avolume
_bnc
_2rdacarrier
650 4 _aالتراث الثقافي- البلدان الاسلامية
_912019
999 _aA2624
_c6192
_d6192